00619nam a2200169 i 450000100060000000300090000600500170001500800410003224500730007326000520014630000220019865000380022070000300025885200220028899900170031095201220032751114ES-MaACL20230906162312.0030811s1976 xxu |||| | spa d00aCuentos de Puerto Rico / cselección y notas por Moisés Ledesma. a[New York] : bPlus Ultra Educational, c[1976] a157 p. ; c22 cm. 4aCuentos puertorriqueños.9115041 aLedesma, Moisés.971147 aES-MaACLjC-33453 c51114d51114 00104070aATENEOMbATENEOMcDEPO2d2008-01-17eSCl0oC-33453p1053756r2023-02-23 00:00:00w2023-02-23yMONOGRAFIA